[Event "IX JUEGOS DEPORTIVOS NACIONALES DE MENORES 2014"]
[Site "CARPUELA, IMBABURA"]
[Date "2014.11.02"]
[Round "3"]
[Board "11"]
[White "Gualsaqui Coronado, Sara"]
[Black "Herrera Silva, Dominique"]
[Result "1-0"]
[WhiteElo "1528"]
[BlackElo "1502"]
[PlyCount "64"]
[EventDate "2014.11.01"]
[EventRounds "7"]
[EventCountry "ECU"]

1. d4 d5 2. c4 e6 3. Nc3 c6 4. Nf3 f5 5. Bf4 Nd7 6. e3 Ngf6 7. Bd3 Be7 8. O-O
O-O 9. cxd5 cxd5 10. Ng5 Nb6 11. Nb5 h6 12. Nf3 Bd7 13. Nd6 Bc6 14. Nb5 a6 15.
Nc7 Bd7 16. Nxa8 Nxa8 17. Rc1 Qb6 18. Qb3 Qxb3 19. axb3 Nh5 20. Be5 Nb6 21. Rc7
Rb8 22. Rxd7 Nxd7 23. Bxb8 Nxb8 24. Rc1 Bd6 25. Ne5 Kh7 26. g4 Nf6 27. gxf5
exf5 28. Bxf5+ Kh8 29. Nf7+ Kg8 30. Nxd6 Nbd7 31. Bxd7 Nxd7 32. Nxb7 Kf8 1-0

[Event "IX JUEGOS DEPORTIVOS NACIONALES DE MENORES 2014"]
[Site "CARPUELA, IMBABURA"]
[Date "2014.11.02"]
[Round "4"]
[Board "1"]
[White "Nunez Giler, Fanny Cecilia"]
[Black "Ortiz Verdesoto, Anahi Eduarda"]
[Result "0-1"]
[WhiteElo "1409"]
[BlackElo "1604"]
[PlyCount "60"]
[EventDate "2014.11.01"]
[EventRounds "7"]
[EventCountry "ECU"]

1. Nf3 d5 2. c4 e6 3. g3 Nf6 4. Bg2 Be7 5. O-O O-O 6. b3 c5 7. Bb2 d4 8. b4 Qb6
9. Qb3 Rd8 10. bxc5 Bxc5 11. Qxb6 axb6 12. d3 Nc6 13. Nbd2 e5 14. Nb3 Be7 15.
a4 Bf5 16. Nfd2 Ra7 17. c5 bxc5 18. Rfc1 Nd5 19. Nxc5 Bg5 20. Rd1 Nc3 21. Bxc3
dxc3 22. Ndb3 Nb4 23. Ne4 Bxe4 24. Bxe4 c2 25. Rf1 Rc8 26. e3 Rc3 27. Nc1 g6
28. Na2 Nxa2 29. Rxa2 c1=Q 30. Rxc1 Rxc1+ 0-1

[Event "IX JUEGOS DEPORTIVOS NACIONALES DE MENORES 2014"]
[Site "CARPUELA, IMBABURA"]
[Date "2014.11.02"]
[Round "4"]
[Board "2"]
[White "Paredes Alvarez, Andrea Estefa"]
[Black "Penafiel Mendoza, Josselyne St"]
[Result "1-0"]
[WhiteElo "1340"]
[BlackElo "1389"]
[PlyCount "57"]
[EventDate "2014.11.01"]
[EventRounds "7"]
[EventCountry "ECU"]

1. e4 c5 2. Nf3 d6 3. c3 Nf6 4. Bd3 e6 5. Bc2 Nbd7 6. d4 cxd4 7. cxd4 a6 8. O-O
b5 9. a3 Bb7 10. Nc3 Rc8 11. Re1 Be7 12. Qd3 Qc7 13. Bb3 h6 14. Bf4 g5 15. Bg3
Nh5 16. Nd2 Nxg3 17. Qxg3 h5 18. Rac1 Qb6 19. Bd5 exd5 20. exd5 Kf8 21. Nde4 f6
22. Nxg5 Rg8 23. Ne6+ Kf7 24. Qh3 Nf8 25. Qxh5+ Rg6 26. Qf5 Kg8 27. Nxf8 Bxf8
28. Qxg6+ Bg7 29. Re7 1-0

[Event "IX JUEGOS DEPORTIVOS NACIONALES DE MENORES 2014"]
[Site "CARPUELA, IMBABURA"]
[Date "2014.11.02"]
[Round "4"]
[Board "3"]
[White "Jaramillo Cabrera, Claudia And"]
[Black "Ruiz Tipantasig, Mishele"]
[Result "0-1"]
[WhiteElo "1291"]
[BlackElo "1694"]
[PlyCount "26"]
[EventDate "2014.11.01"]
[EventRounds "7"]
[EventCountry "ECU"]

1. e4 c5 2. Nc3 g6 3. Nf3 Bg7 4. Bb5 a6 5. Bc4 Nc6 6. d3 d6 7. O-O Nf6 8. Bb3
Bg4 9. Be3 O-O 10. h3 Bh5 11. Re1 Ne5 12. Kf1 Nxf3 13. gxf3 Nd7 0-1

[Event "IX JUEGOS DEPORTIVOS NACIONALES DE MENORES 2014"]
[Site "CARPUELA, IMBABURA"]
[Date "2014.11.02"]
[Round "4"]
[Board "4"]
[White "Vasquez Ruiz, Allison Michelle"]
[Black "Pacheco Jimenez, Yesenia Camil"]
[Result "0-1"]
[WhiteElo "1610"]
[BlackElo "1328"]
[PlyCount "69"]
[EventDate "2014.11.01"]
[EventRounds "7"]
[EventCountry "ECU"]

1. e4 c5 2. Nf3 e6 3. d4 cxd4 4. Nxd4 a6 5. Nc3 Nc6 6. Be3 Be7 7. Qd2 Nf6 8. f3
Qc7 9. Bd3 Ne5 10. g4 Bc5 11. Be2 Ng6 12. Nb3 Bxe3 13. Qxe3 Nf4 14. Bf1 b6 15.
h4 h6 16. O-O-O O-O 17. g5 N6h5 18. gxh6 gxh6 19. Rg1+ Kh7 20. Rg4 Bb7 21. e5
Ng6 22. f4 Rg8 23. Bd3 Rg7 24. Rdg1 Rag8 25. Qe2 f5 26. exf6 Nxf6 27. Bxg6+
Rxg6 28. Rxg6 Qxf4+ 29. Kb1 Rxg6 30. Rxg6 Kxg6 31. h5+ Kf7 32. Qd3 Qf5 33. Qd6
Qxh5 34. Qxb6 Qh1+ 35. Nc1 0-1

[Event "IX JUEGOS DEPORTIVOS NACIONALES DE MENORES 2014"]
[Site "CARPUELA, IMBABURA"]
[Date "2014.11.02"]
[Round "4"]
[Board "5"]
[White "Pazmay Mora, Helen"]
[Black "Rueda Peralta, Samy Lorena"]
[Result "1-0"]
[WhiteElo "1625"]
[BlackElo "1531"]
[PlyCount "56"]
[EventDate "2014.11.01"]
[EventRounds "7"]
[EventCountry "ECU"]

1. e4 e5 2. Nf3 Nc6 3. Bb5 a6 4. Bxc6 dxc6 5. d3 Bg4 6. h3 Bh5 7. O-O Be7 8.
Nc3 Nf6 9. Ne2 Bxf3 10. gxf3 O-O 11. Kh2 Qd7 12. Rg1 Rfe8 13. Ng3 Qd4 14. Qe2
Bc5 15. Rg2 Rad8 16. c3 Qxd3 17. Bg5 Qxe2 18. Nxe2 Be7 19. Ng3 h6 20. Be3 Rd3
21. Nf5 Kh7 22. Rxg7+ Kh8 23. Rag1 Nh5 24. Rxf7 Bf6 25. Rg6 Nf4 26. Rxh6+ Kg8
27. Rfxf6 Red8 28. Bxf4 exf4 1-0

[Event "IX JUEGOS DEPORTIVOS NACIONALES DE MENORES 2014"]
[Site "CARPUELA, IMBABURA"]
[Date "2014.11.02"]
[Round "4"]
[Board "6"]
[White "Mazon Vera, Cristina Michelle"]
[Black "Patino Ortega, Patricia"]
[Result "1-0"]
[WhiteElo "1739"]
[BlackElo "1756"]
[PlyCount "26"]
[EventDate "2014.11.01"]
[EventRounds "7"]
[EventCountry "ECU"]

1. e4 e5 2. Nf3 Nc6 3. Bb5 a6 4. Ba4 Nf6 5. O-O b5 6. Bb3 Be7 7. d3 Bb7 8. c3
O-O 9. Bc2 d6 10. Nbd2 Re8 11. Re1 Bf8 12. Nf1 g6 13. Ng3 Bg7 1-0

[Event "IX JUEGOS DEPORTIVOS NACIONALES DE MENORES 2014"]
[Site "CARPUELA, IMBABURA"]
[Date "2014.11.02"]
[Round "4"]
[Board "7"]
[White "Guaicha Encalada, Jennifer Ale"]
[Black "Andrade Chaquinga, Deisy Anahi"]
[Result "0-1"]
[WhiteElo "1239"]
[BlackElo "1569"]
[PlyCount "41"]
[EventDate "2014.11.01"]
[EventRounds "7"]
[EventCountry "ECU"]

1. e4 e6 2. d4 d5 3. Nd2 Nf6 4. e5 Nfd7 5. Ngf3 c5 6. c3 Nc6 7. Bb5 Qb6 8. Bxc6
Qxc6 9. O-O Qb6 10. Re1 Be7 11. Nf1 O-O 12. Ng3 Nb8 13. Qc2 Nc6 14. Be3 cxd4
15. Nxd4 Qc7 16. Nb5 Qb8 17. Bf4 a6 18. Nd6 Bd7 19. Qe2 f6 20. exf6 Bxd6 21.
Bg5 0-1

[Event "IX JUEGOS DEPORTIVOS NACIONALES DE MENORES 2014"]
[Site "CARPUELA, IMBABURA"]
[Date "2014.11.02"]
[Round "4"]
[Board "9"]
[White "Gualsaqui Coronado, Sara"]
[Black "Arias Moya, Andrea Elizabeth"]
[Result "1-0"]
[WhiteElo "1528"]
[BlackElo "1603"]
[PlyCount "86"]
[EventDate "2014.11.01"]
[EventRounds "7"]
[EventCountry "ECU"]

1. d4 e6 2. c4 b6 3. Nc3 Bb7 4. e4 Bb4 5. Nge2 Bxe4 6. Bd2 Bb7 7. Nf4 Nf6 8. d5
O-O 9. Be2 Re8 10. O-O exd5 11. cxd5 d6 12. Re1 Nbd7 13. Rc1 Bxc3 14. Bxc3 Ne4
15. Bd4 c5 16. dxc6 Bxc6 17. Rxc6 Ne5 18. Bxe5 dxe5 19. Qxd8 Raxd8 20. Nd3 Re7
21. Rec1 h6 22. Rc8 Rxc8 23. Rxc8+ Kh7 24. Bg4 f6 25. Bf5+ g6 26. Bxe4 Rd7 27.
g4 Kg7 28. h4 Rd4 29. f3 Rd7 30. Kg2 g5 31. hxg5 hxg5 32. Bf5 Re7 33. Rd8 Rc7
34. Rd7+ Rxd7 35. Bxd7 Kf7 36. Nb4 Ke7 37. Bf5 Kd6 38. Kf2 Kc5 39. a3 a5 40.
Nd3+ Kd5 41. b4 axb4 42. Nxb4+ Kc4 43. Ke3 Kc5 1-0

[Event "IX JUEGOS DEPORTIVOS NACIONALES DE MENORES 2014"]
[Site "CARPUELA, IMBABURA"]
[Date "2014.11.02"]
[Round "4"]
[Board "10"]
[White "Lituma Llugsa, Sofia Jardiel"]
[Black "Quimi Gonzales, Susan Yamille"]
[Result "0-1"]
[WhiteElo "1591"]
[BlackElo "1525"]
[PlyCount "62"]
[EventDate "2014.11.01"]
[EventRounds "7"]
[EventCountry "ECU"]

1. e4 d6 2. d4 Nf6 3. Nc3 g6 4. Bf4 Nbd7 5. Nf3 Bg7 6. e5 dxe5 7. dxe5 Ng4 8.
Bb5 c6 9. Bc4 Ngxe5 10. Bxe5 Nxe5 11. Qxd8+ Kxd8 12. Nxe5 Bxe5 13. O-O-O+ Ke8
14. Rd3 b5 15. Bb3 a5 16. Rhd1 Bb7 17. a3 b4 18. Ne4 bxa3 19. bxa3 Ba6 20. Rd7
f5 21. Nc5 Bb5 22. Nb7 Kf8 23. Rd8+ Rxd8 24. Rxd8+ Kg7 25. Rd7 Kf6 26. Nxa5
Bxh2 27. a4 Bf1 28. Nxc6 Bxg2 29. Nxe7 h5 30. Ng8+ Kg5 31. Rd2 Bf4 0-1

[Event "IX JUEGOS DEPORTIVOS NACIONALES DE MENORES 2014"]
[Site "CARPUELA, IMBABURA"]
[Date "2014.11.02"]
[Round "4"]
[Board "11"]
[White "Granda Castro, Nicole"]
[Black "Herrera Silva, Dominique"]
[Result "1/2-1/2"]
[WhiteElo "1550"]
[BlackElo "1502"]
[PlyCount "67"]
[EventDate "2014.11.01"]
[EventRounds "7"]
[EventCountry "ECU"]

1. e4 e5 2. Nf3 Nc6 3. Bc4 Bc5 4. c3 d6 5. d4 exd4 6. cxd4 Bb6 7. d5 Ne5 8.
Nxe5 dxe5 9. O-O Nf6 10. Re1 O-O 11. Nd2 Ng4 12. Rf1 Bxf2+ 13. Rxf2 Nxf2 14.
Kxf2 Qh4+ 15. Kg1 Kh8 16. Qe2 Bg4 17. Nf3 Bxf3 18. Qxf3 Qe1+ 19. Qf1 Qxe4 20.
Bb3 Qd4+ 21. Kh1 f5 22. Qe2 Qe4 23. Qf2 f4 24. Kg1 f3 25. g3 Qe1+ 26. Qf1 f2+
27. Kg2 Qxf1+ 28. Kxf1 e4 29. Be3 Rfe8 30. Ba4 Re5 31. Bf4 Rxd5 32. Kxf2 Rd2+
33. Ke3 Rxb2 34. Bxc7 1/2-1/2

[Event "IX JUEGOS DEPORTIVOS NACIONALES DE MENORES 2014"]
[Site "CARPUELA, IMBABURA"]
[Date "2014.11.03"]
[Round "5"]
[Board "1"]
[White "Ortiz Verdesoto, Anahi Eduarda"]
[Black "Pazmay Mora, Helen"]
[Result "1-0"]
[WhiteElo "1604"]
[BlackElo "1625"]
[PlyCount "65"]
[EventDate "2014.11.01"]
[EventRounds "7"]
[EventCountry "ECU"]

1. e4 c6 2. d4 d5 3. e5 Bf5 4. Nf3 e6 5. Be2 c5 6. c3 Nc6 7. O-O c4 8. b3 b5 9.
Na3 a6 10. Nc2 Rb8 11. Ne3 Bg6 12. Bd2 Nge7 13. Nh4 h6 14. Nxg6 Nxg6 15. f4 Qd7
16. f5 Nh4 17. Bg4 Nd8 18. Qe1 Nxf5 19. Nxf5 exf5 20. Bxf5 Ne6 21. Qg3 g6 22.
Bxe6 Qxe6 23. Rf6 Qc8 24. e6 Rb7 25. exf7+ Rxf7 26. Rxf7 Kxf7 27. Rf1+ Kg7 28.
Qe5+ Kh7 29. Rf7+ Kg8 30. Qxd5 Rh7 31. Rc7+ Rf7 32. Qxf7+ Kh8 33. Qh7# 1-0

[Event "IX JUEGOS DEPORTIVOS NACIONALES DE MENORES 2014"]
[Site "CARPUELA, IMBABURA"]
[Date "2014.11.03"]
[Round "5"]
[Board "2"]
[White "Ruiz Tipantasig, Mishele"]
[Black "Nunez Giler, Fanny Cecilia"]
[Result "1-0"]
[WhiteElo "1694"]
[BlackElo "1409"]
[PlyCount "97"]
[EventDate "2014.11.01"]
[EventRounds "7"]
[EventCountry "ECU"]

1. e4 c5 2. Bc4 Nc6 3. Nc3 Nf6 4. d3 a6 5. a4 e6 6. Bg5 Be7 7. Bxf6 Bxf6 8.
Nge2 Rb8 9. O-O Nd4 10. Ba2 b5 11. axb5 axb5 12. Nxd4 Bxd4 13. Rb1 Qf6 14. Qe1
Ba6 15. Ne2 Bxb2 16. Qa5 Ra8 17. c3 Bxc3 18. Nxc3 O-O 19. Nxb5 Bxb5 20. Qxb5
Rxa2 21. Qxc5 Rb2 22. e5 d6 23. exf6 Rxb1 24. Qxd6 Rxf1+ 25. Kxf1 gxf6 26. g3
Kg7 27. f4 Ra8 28. Qd4 Ra5 29. Kg2 Rd5 30. Qe4 Kh6 31. g4 f5 32. g5+ Kg6 33.
Qf3 h5 34. Kg3 Rd8 35. Kh4 Kg7 36. Qe2 Rh8 37. Qe5+ Kg8 38. Qf6 Rh7 39. g6 fxg6
40. Qxg6+ Kh8 41. Qxe6 Rf7 42. Kxh5 Rh7+ 43. Kg5 Rxh2 44. Kxf5 Rh7 45. Qe8+ Kg7
46. Qg6+ Kh8 47. Qxh7+ Kxh7 48. Kf6 Kg8 49. Ke7 1-0

[Event "IX JUEGOS DEPORTIVOS NACIONALES DE MENORES 2014"]
[Site "CARPUELA, IMBABURA"]
[Date "2014.11.03"]
[Round "5"]
[Board "3"]
[White "Pacheco Jimenez, Yesenia Camil"]
[Black "Paredes Alvarez, Andrea Estefa"]
[Result "1-0"]
[WhiteElo "1328"]
[BlackElo "1340"]
[PlyCount "99"]
[EventDate "2014.11.01"]
[EventRounds "7"]
[EventCountry "ECU"]

1. c4 Nf6 2. Nc3 d5 3. cxd5 Nxd5 4. g3 Nxc3 5. bxc3 g6 6. Bg2 Bg7 7. Nf3 O-O 8.
O-O Nc6 9. d4 Rb8 10. e4 Bg4 11. Rb1 e5 12. d5 Ne7 13. h3 Bd7 14. Be3 b6 15.
Qd2 f5 16. Nh2 fxe4 17. g4 a6 18. Bxe4 Bb5 19. Rfd1 Nc8 20. Bd3 Bxd3 21. Qxd3
Nd6 22. Qxa6 Ra8 23. Qe2 Qh4 24. Kg2 Ne4 25. Rbc1 Bh6 26. Nf3 Bxe3 27. Qxe3
Qxf2+ 28. Qxf2 Nxf2 29. Kxf2 e4 30. Ke3 exf3 31. Rf1 Rae8+ 32. Kf2 Re2+ 33. Kg3
Rg2+ 34. Kh4 Rxa2 35. c4 Re2 36. Kg3 Rg2+ 37. Kh4 Kg7 38. Rce1 Kh6 39. Re5 Kg7
40. Re7+ Rf7 41. Rxf7+ Kxf7 42. Rxf3+ Kg7 43. g5 Re2 44. Kg4 h5+ 45. gxh6+ Kxh6
46. Rf6 Kg7 47. Rc6 Rd2 48. Kg5 Kf7 49. h4 Kg7 50. h5 1-0

[Event "IX JUEGOS DEPORTIVOS NACIONALES DE MENORES 2014"]
[Site "CARPUELA, IMBABURA"]
[Date "2014.11.03"]
[Round "5"]
[Board "5"]
[White "Rueda Peralta, Samy Lorena"]
[Black "Mazon Vera, Cristina Michelle"]
[Result "0-1"]
[WhiteElo "1531"]
[BlackElo "1739"]
[PlyCount "56"]
[EventDate "2014.11.01"]
[EventRounds "7"]
[EventCountry "ECU"]

1. e4 e5 2. Nf3 Nc6 3. Bb5 a6 4. Bxc6 dxc6 5. d4 exd4 6. Qxd4 Qxd4 7. Nxd4 Ne7
8. O-O Bd7 9. Nc3 O-O-O 10. Be3 g6 11. Rfd1 Bg7 12. f4 Rhe8 13. Nde2 Bg4 14.
Rxd8+ Rxd8 15. h3 Bxe2 16. Nxe2 Bxb2 17. Rb1 Bg7 18. Bc5 Ng8 19. Kh1 Rd2 20.
Ng3 Rxc2 21. a3 Rxc5 22. f5 gxf5 23. Nxf5 Be5 24. Rd1 Ra5 25. Rd3 Ra4 26. Rb3
Rxe4 27. Rf3 Re1+ 28. Rf1 Rxf1# 0-1

[Event "IX JUEGOS DEPORTIVOS NACIONALES DE MENORES 2014"]
[Site "CARPUELA, IMBABURA"]
[Date "2014.11.03"]
[Round "5"]
[Board "6"]
[White "Quimi Gonzales, Susan Yamille"]
[Black "Vasquez Ruiz, Allison Michelle"]
[Result "0-1"]
[WhiteElo "1525"]
[BlackElo "1610"]
[PlyCount "122"]
[EventDate "2014.11.01"]
[EventRounds "7"]
[EventCountry "ECU"]

1. Nf3 d5 2. d3 e6 3. g3 Nf6 4. Bg2 Be7 5. Nbd2 Nbd7 6. e4 dxe4 7. dxe4 c6 8.
c3 b5 9. b3 O-O 10. O-O a6 11. Qc2 Bb7 12. Re1 e5 13. Bb2 Bd6 14. Nf1 Qe7 15.
Ne3 g6 16. Rad1 Rfe8 17. Ng5 Nh5 18. Nh3 Bc7 19. Qd2 Rad8 20. Ng4 c5 21. Qh6
Qf8 22. Rxd7 Rxd7 23. Bf3 Qxh6 24. Nxh6+ Kg7 25. Bc1 Nf6 26. c4 Nxe4 27. Bxe4
Bxe4 28. Bb2 Bb7 29. Ng4 f6 30. cxb5 axb5 31. f4 Rde7 32. fxe5 Bxe5 33. Nxe5
fxe5 34. Nf4 Kf6 35. Nd3 c4 36. bxc4 bxc4 37. Nc5 Bc6 38. a4 Ra8 39. Ra1 Ra5
40. Ba3 Rea7 41. Bb4 Rxc5 42. Bxc5 Rxa4 43. Rxa4 Bxa4 44. Bb4 Kf5 45. Kf2 Ke4
46. Ke2 Kd4 47. Kd2 e4 48. Bc3+ Kd5 49. Ke3 Bc2 50. g4 Ke6 51. h4 h5 52. Kf4
hxg4 53. Kxg4 Kd5 54. Kf4 Bd3 55. Ke3 Kc5 56. Kf4 Kb5 57. Kg5 e3 58. h5 gxh5
59. Kxh5 Ka4 60. Kg4 Kb3 61. Be5 c3 0-1

[Event "IX JUEGOS DEPORTIVOS NACIONALES DE MENORES 2014"]
[Site "CARPUELA, IMBABURA"]
[Date "2014.11.03"]
[Round "5"]
[Board "7"]
[White "Andrade Chaquinga, Deisy Anahi"]
[Black "Gualsaqui Coronado, Sara"]
[Result "0-1"]
[WhiteElo "1569"]
[BlackElo "1528"]
[PlyCount "63"]
[EventDate "2014.11.01"]
[EventRounds "7"]
[EventCountry "ECU"]

1. e4 c5 2. Nf3 e6 3. d4 cxd4 4. Nxd4 a6 5. Be2 b5 6. a3 Bb7 7. Nc3 Bc5 8. Nb3
Ba7 9. O-O Ne7 10. Kh1 Nbc6 11. f4 Qb6 12. Bd2 Rd8 13. Bd3 Ng6 14. f5 Nge5 15.
fxe6 dxe6 16. Qe2 Nd4 17. Nxd4 Qxd4 18. Rad1 Nxd3 19. Be1 Qe3 20. Rxd3 Qxe2 21.
Rxd8+ Kxd8 22. Nxe2 f6 23. Ba5+ Ke7 24. Bb4+ Kf7 25. e5 Rg8 26. h3 Bb8 27. Bd6
Be4 28. Bxb8 Rxb8 29. exf6 gxf6 30. c3 Rd8 31. Ng3 Ba8 32. Rf2 0-1

[Event "IX JUEGOS DEPORTIVOS NACIONALES DE MENORES 2014"]
[Site "CARPUELA, IMBABURA"]
[Date "2014.11.03"]
[Round "5"]
[Board "8"]
[White "Ordonez Montano, Nayely Susana"]
[Black "Guaicha Encalada, Jennifer Ale"]
[Result "0-1"]
[WhiteElo "1498"]
[BlackElo "1239"]
[PlyCount "34"]
[EventDate "2014.11.01"]
[EventRounds "7"]
[EventCountry "ECU"]

1. e4 e5 2. Nf3 Nc6 3. Bb5 a6 4. Ba4 b5 5. Bb3 Nf6 6. O-O Nxe4 7. d4 d5 8. Nxe5
Nxe5 9. dxe5 Be6 10. Re1 Bc5 11. Re2 Bg4 12. Be3 Bxe3 13. fxe3 Bxe2 14. Qxe2
O-O 15. Qd3 c6 16. c3 Qh4 17. g3 Qg5 0-1

[Event "IX JUEGOS DEPORTIVOS NACIONALES DE MENORES 2014"]
[Site "CARPUELA, IMBABURA"]
[Date "2014.11.03"]
[Round "5"]
[Board "9"]
[White "Patino Ortega, Patricia"]
[Black "Lituma Llugsa, Sofia Jardiel"]
[Result "1-0"]
[WhiteElo "1756"]
[BlackElo "1591"]
[PlyCount "84"]
[EventDate "2014.11.01"]
[EventRounds "7"]
[EventCountry "ECU"]

1. e4 e5 2. Nf3 Nc6 3. d4 Bd6 4. Nc3 Nf6 5. Bc4 Bb4 6. Bg5 h6 7. Bh4 g5 8. Bg3
Nxe4 9. Qd3 Bxc3+ 10. bxc3 d5 11. O-O Bf5 12. Bxe5 Ng3 13. Rfe1 Bxd3 14. Bxc7+
Ne2+ 15. Rxe2+ Bxe2 16. Bxd8 dxc4 17. Bf6 Rg8 18. Re1 Rg6 19. Rxe2+ Kf8 20. Be5
Nxe5 21. Nxe5 Re6 22. f3 f6 23. Nd7+ Ke7 24. Rxe6+ Kxe6 25. Nc5+ Kd5 26. Kf2 b5
27. Na6 Rc8 28. g4 Rc6 29. Nb4+ Kd6 30. Nxc6 Kxc6 31. Ke3 Kd5 32. a3 a5 33. h3
b4 34. cxb4 axb4 35. axb4 Kc6 36. Kd2 Kd5 37. Kc3 Ke6 38. Kxc4 f5 39. gxf5+
Kxf5 40. b5 Ke6 41. Kc5 Kd7 42. b6 Kc8 1-0

[Event "IX JUEGOS DEPORTIVOS NACIONALES DE MENORES 2014"]
[Site "CARPUELA, IMBABURA"]
[Date "2014.11.03"]
[Round "6"]
[Board "1"]
[White "Ruiz Tipantasig, Mishele"]
[Black "Ortiz Verdesoto, Anahi Eduarda"]
[Result "0-1"]
[WhiteElo "1694"]
[BlackElo "1604"]
[PlyCount "54"]
[EventDate "2014.11.01"]
[EventRounds "7"]
[EventCountry "ECU"]

1. e4 e5 2. Bc4 Nf6 3. d3 Nc6 4. Nc3 d6 5. Nge2 Be7 6. O-O O-O 7. f3 Be6 8.
Bxe6 fxe6 9. d4 exd4 10. Nxd4 Nxd4 11. Qxd4 Qd7 12. Bg5 Nh5 13. Be3 Bf6 14. Qc4
Be5 15. Rad1 Rf7 16. Ne2 Raf8 17. Bd4 d5 18. Qc3 Bxd4+ 19. Qxd4 Qc6 20. exd5
exd5 21. Qxd5 Qxc2 22. Nd4 Qxg2+ 23. Kxg2 Nf4+ 24. Kg3 Nxd5 25. Ne6 Ne3 26.
Nxf8 Nxf1+ 27. Rxf1 Kxf8 0-1

[Event "IX JUEGOS DEPORTIVOS NACIONALES DE MENORES 2014"]
[Site "CARPUELA, IMBABURA"]
[Date "2014.11.03"]
[Round "6"]
[Board "2"]
[White "Mazon Vera, Cristina Michelle"]
[Black "Pacheco Jimenez, Yesenia Camil"]
[Result "0-1"]
[WhiteElo "1739"]
[BlackElo "1328"]
[PlyCount "52"]
[EventDate "2014.11.01"]
[EventRounds "7"]
[EventCountry "ECU"]

1. e4 e6 2. d4 d5 3. e5 c5 4. c3 Nc6 5. Nf3 Qb6 6. Nbd2 cxd4 7. cxd4 Nxd4 8. a3
Bc5 9. Nxd4 Bxd4 10. Qe2 Bd7 11. Nf3 Ne7 12. Qd2 Nc6 13. Qe2 a6 14. g3 f6 15.
exf6 Bxf6 16. Bh3 Nd8 17. Rb1 Nf7 18. Bf4 O-O 19. Qd2 Bb5 20. Be3 Qd6 21. Rd1
Rac8 22. Nd4 Bxd4 23. Qxd4 Ne5 24. Bg2 Rc2 25. Bf4 Re2+ 26. Kf1 Rd2+ 0-1

[Event "IX JUEGOS DEPORTIVOS NACIONALES DE MENORES 2014"]
[Site "CARPUELA, IMBABURA"]
[Date "2014.11.03"]
[Round "6"]
[Board "3"]
[White "Nunez Giler, Fanny Cecilia"]
[Black "Penafiel Mendoza, Josselyne St"]
[Result "1-0"]
[WhiteElo "1409"]
[BlackElo "1389"]
[PlyCount "20"]
[EventDate "2014.11.01"]
[EventRounds "7"]
[EventCountry "ECU"]

1. Nf3 Nf6 2. g3 g6 3. Bg2 Bg7 4. O-O O-O 5. c4 d6 6. Nc3 e5 7. d3 Re8 8. Nd2
c6 9. Rb1 Nh5 10. b4 f5 1-0

[Event "IX JUEGOS DEPORTIVOS NACIONALES DE MENORES 2014"]
[Site "CARPUELA, IMBABURA"]
[Date "2014.11.03"]
[Round "6"]
[Board "4"]
[White "Paredes Alvarez, Andrea Estefa"]
[Black "Vasquez Ruiz, Allison Michelle"]
[Result "0-1"]
[WhiteElo "1340"]
[BlackElo "1610"]
[PlyCount "80"]
[EventDate "2014.11.01"]
[EventRounds "7"]
[EventCountry "ECU"]

1. e4 e5 2. Nf3 Nc6 3. d4 exd4 4. Nxd4 Bc5 5. Nb3 Bb6 6. Nc3 Nf6 7. Qe2 d6 8.
Be3 Be6 9. f3 Bxe3 10. Qxe3 O-O 11. O-O-O a5 12. g4 a4 13. Nc5 a3 14. Nxe6
axb2+ 15. Kb1 fxe6 16. Bc4 Qe7 17. g5 Nh5 18. g6 h6 19. Nd5 Qd8 20. Qc3 Kh8 21.
Ne3 Rxf3 22. Rhf1 Qf6 23. Qxf6 Rxf6 24. Rxf6 Nxf6 25. Bxe6 Nxe4 26. Nd5 Nb4 27.
Rd4 Nxd5 28. Bxd5 Nc3+ 29. Kxb2 Nxd5 30. Rxd5 Kg8 31. Rf5 Rf8 32. Ra5 Rb8 33.
a4 Rf8 34. Ra7 Rb8 35. c4 Kf8 36. Ra5 Ke7 37. Rb5 Kf6 38. a5 Kxg6 39. c5 dxc5
40. Rxc5 c6 0-1

[Event "IX JUEGOS DEPORTIVOS NACIONALES DE MENORES 2014"]
[Site "CARPUELA, IMBABURA"]
[Date "2014.11.03"]
[Round "6"]
[Board "5"]
[White "Gualsaqui Coronado, Sara"]
[Black "Pazmay Mora, Helen"]
[Result "0-1"]
[WhiteElo "1528"]
[BlackElo "1625"]
[PlyCount "32"]
[EventDate "2014.11.01"]
[EventRounds "7"]
[EventCountry "ECU"]

1. d4 d5 2. c4 c6 3. Nc3 Nf6 4. Nf3 e6 5. Bf4 Nbd7 6. e3 Be7 7. Be2 O-O 8. O-O
Nh5 9. Bg5 Bxg5 10. Nxg5 Qxg5 11. Bxh5 Nf6 12. Bf3 e5 13. cxd5 exd4 14. exd4
cxd5 15. Nxd5 Nxd5 16. Bxd5 Qxd5 0-1

[Event "IX JUEGOS DEPORTIVOS NACIONALES DE MENORES 2014"]
[Site "CARPUELA, IMBABURA"]
[Date "2014.11.03"]
[Round "6"]
[Board "7"]
[White "Guaicha Encalada, Jennifer Ale"]
[Black "Rueda Peralta, Samy Lorena"]
[Result "0-1"]
[WhiteElo "1239"]
[BlackElo "1531"]
[PlyCount "78"]
[EventDate "2014.11.01"]
[EventRounds "7"]
[EventCountry "ECU"]

1. e4 e5 2. Nf3 Nc6 3. d4 d6 4. dxe5 Bg4 5. exd6 Bxd6 6. Be2 Nge7 7. Nc3 O-O 8.
Be3 Qd7 9. O-O Rad8 10. h3 Qc8 11. Qc1 Bxh3 12. gxh3 Qxh3 13. Bf4 Qg4+ 14. Bg3
Bxg3 15. fxg3 Qxg3+ 16. Kh1 Rd6 17. Rg1 Qh3+ 18. Nh2 Rh6 19. Qf4 Rd8 20. Qg3
Qxg3 21. Rxg3 Rd2 22. Rc1 Nd4 23. Rd3 Rxd3 24. cxd3 Ng6 25. Kg1 Nf4 26. Re1
Nfxe2+ 27. Nxe2 Rxh2 28. Nxd4 Rxb2 29. Rc1 Rxa2 30. Rxc7 h6 31. Rxb7 a5 32. Nf5
a4 33. d4 a3 34. Ra7 Ra1+ 35. Kf2 a2 36. Ke2 h5 37. d5 Rh1 38. Ke3 a1=Q 39.
Rxa1 Rxa1 0-1

[Event "IX JUEGOS DEPORTIVOS NACIONALES DE MENORES 2014"]
[Site "CARPUELA, IMBABURA"]
[Date "2014.11.03"]
[Round "6"]
[Board "8"]
[White "Quimi Gonzales, Susan Yamille"]
[Black "Patino Ortega, Patricia"]
[Result "1/2-1/2"]
[WhiteElo "1525"]
[BlackElo "1756"]
[PlyCount "42"]
[EventDate "2014.11.01"]
[EventRounds "7"]
[EventCountry "ECU"]

1. Nf3 d5 2. g3 c5 3. d3 Nc6 4. Nbd2 e5 5. Bg2 g6 6. e4 d4 7. O-O Bg7 8. b3 Nf6
9. Bb2 O-O 10. c3 Re8 11. cxd4 cxd4 12. a3 Rb8 13. b4 b5 14. Rc1 Qd6 15. Qc2
Bd7 16. Qc5 Qxc5 17. Rxc5 a6 18. Nh4 Bh6 19. Ndf3 Bg7 20. Kh1 Rbc8 21. Ng1 Ne7
 1/2-1/2

[Event "IX JUEGOS DEPORTIVOS NACIONALES DE MENORES 2014"]
[Site "CARPUELA, IMBABURA"]
[Date "2014.11.03"]
[Round "6"]
[Board "9"]
[White "Ordonez Montano, Nayely Susana"]
[Black "Arias Moya, Andrea Elizabeth"]
[Result "1-0"]
[WhiteElo "1498"]
[BlackElo "1603"]
[PlyCount "60"]
[EventDate "2014.11.01"]
[EventRounds "7"]
[EventCountry "ECU"]

1. e4 d5 2. exd5 Nf6 3. c4 c6 4. dxc6 Nxc6 5. Nc3 Bf5 6. Nf3 e5 7. a3 Bc5 8.
Be2 Qd7 9. d3 O-O-O 10. O-O Bxd3 11. Bxd3 Qxd3 12. Qxd3 Rxd3 13. h3 Rhd8 14.
Bg5 Be7 15. Rfe1 h6 16. Bh4 Bd6 17. Bxf6 gxf6 18. Nh4 Ne7 19. Ne4 Ng8 20. Nf5
Bf8 21. Rac1 Rb3 22. Re2 Ne7 23. Nfd6+ Kb8 24. c5 Nc8 25. Nc4 Bg7 26. Na5 Rbd3
27. Rec2 Rd1+ 28. Kh2 b6 29. Nc6+ Kb7 30. Nxd8+ Rxd8 1-0